<?xml version="1.0" encoding="UTF-8"?>
<record
    xmlns:xsi="http://www.w3.org/2001/XMLSchema-instance"
    xsi:schemaLocation="http://www.loc.gov/MARC21/slim http://www.loc.gov/standards/marcxml/schema/MARC21slim.xsd"
    xmlns="http://www.loc.gov/MARC21/slim">

  <leader>02052nam a22002657a 4500</leader>
  <datafield tag="999" ind1=" " ind2=" ">
    <subfield code="c">39777</subfield>
    <subfield code="d">39777</subfield>
  </datafield>
  <datafield tag="020" ind1=" " ind2=" ">
    <subfield code="a">9788171391431</subfield>
  </datafield>
  <datafield tag="041" ind1=" " ind2=" ">
    <subfield code="a">eng</subfield>
  </datafield>
  <datafield tag="082" ind1=" " ind2=" ">
    <subfield code="a">138</subfield>
    <subfield code="b">THA-P</subfield>
  </datafield>
  <datafield tag="100" ind1=" " ind2=" ">
    <subfield code="a">Thakur, L. K.</subfield>
    <subfield code="e">author</subfield>
  </datafield>
  <datafield tag="245" ind1=" " ind2=" ">
    <subfield code="a">Physiognomy :</subfield>
    <subfield code="b">past, present and future /</subfield>
    <subfield code="c">Er. L. K. Thakur</subfield>
  </datafield>
  <datafield tag="260" ind1=" " ind2=" ">
    <subfield code="a">New Delhi :</subfield>
    <subfield code="b">Jnanada Prakashan (P&amp;D),</subfield>
    <subfield code="c">2022.</subfield>
  </datafield>
  <datafield tag="300" ind1=" " ind2=" ">
    <subfield code="a">229p.</subfield>
  </datafield>
  <datafield tag="520" ind1=" " ind2=" ">
    <subfield code="a">This book titled "Physiognomy: Past, Present and Future" is the only publication of its type published anywhere dealing with all aspects of physiognomy, phrenology, use of face reading in criminology besides predictions based on large jaws, its forward projection, low sloping forehead and high cheekbones, flattened or upturned nose, handle-shape ears, hawk-like noses, fleshy lips, hard shifty eyes, scanty beard or baldness, insensivity to pain and long arms relative to the lower limbs.

This Book will be most useful not only for the students, teachers, researchers, futurologists, criminal justice administrators, policing staff, criminology and forensic science experts, policy makers, bureaucrats and officials of the Central and Governments for enabling them to acquire expert knowledge regarding the art and science of physiognomy, phrenology, fortune telling and face reading not only for telling the future but also in locating the criminals.

It is expected that the Central and the State Governments will certainly ensure the wider circulation of this unique publication with full of zeal and enthusiasm so that diagnostic approach to physiognomy may use the principles, practices information and pictures contained in this Book to the fullest extent of their abilities.</subfield>
  </datafield>
  <datafield tag="546" ind1=" " ind2=" ">
    <subfield code="a">English.</subfield>
  </datafield>
  <datafield tag="650" ind1=" " ind2=" ">
    <subfield code="a">Physiognomy</subfield>
  </datafield>
  <datafield tag="650" ind1=" " ind2=" ">
    <subfield code="a">Phrenology</subfield>
  </datafield>
  <datafield tag="650" ind1=" " ind2=" ">
    <subfield code="a">Fortune-telling</subfield>
  </datafield>
  <datafield tag="650" ind1=" " ind2=" ">
    <subfield code="a">Face perception</subfield>
  </datafield>
  <datafield tag="650" ind1=" " ind2=" ">
    <subfield code="a">Criminology</subfield>
    <subfield code="x">Psychological aspects</subfield>
  </datafield>
  <datafield tag="650" ind1=" " ind2=" ">
    <subfield code="a">Forensic sciences</subfield>
    <subfield code="x">Psychological aspects</subfield>
  </datafield>
  <datafield tag="650" ind1=" " ind2=" ">
    <subfield code="a">Criminal behavior</subfield>
    <subfield code="x">Physiological aspects</subfield>
  </datafield>
  <datafield tag="650" ind1=" " ind2=" ">
    <subfield code="a">Personality assessment</subfield>
  </datafield>
  <datafield tag="650" ind1=" " ind2=" ">
    <subfield code="a">Body, Human</subfield>
    <subfield code="x">Symbolic aspects</subfield>
  </datafield>
  <datafield tag="942" ind1=" " ind2=" ">
    <subfield code="2">ddc</subfield>
    <subfield code="c">BK</subfield>
  </datafield>
  <datafield tag="952" ind1=" " ind2=" ">
    <subfield code="0">0</subfield>
    <subfield code="1">0</subfield>
    <subfield code="4">0</subfield>
    <subfield code="7">0</subfield>
    <subfield code="a">NASSDOC</subfield>
    <subfield code="b">NASSDOC</subfield>
    <subfield code="d">2024-12-16</subfield>
    <subfield code="e">Gratis</subfield>
    <subfield code="g">0.00</subfield>
    <subfield code="i">INR</subfield>
    <subfield code="l">0</subfield>
    <subfield code="o">138 THA-P</subfield>
    <subfield code="p">54837</subfield>
    <subfield code="r">2025-08-25 00:00:00</subfield>
    <subfield code="v">3500.00</subfield>
    <subfield code="w">2024-12-16</subfield>
    <subfield code="y">BK</subfield>
  </datafield>
</record>
